| 000 | 00420nam a22001457a 4500 | ||
|---|---|---|---|
| 003 | NUST | ||
| 005 | 20240226141735.0 | ||
| 082 | _a005.1,YOU | ||
| 100 |
_aYousaf, Sana _935143 |
||
| 245 |
_aVision based Fire Detection System for Efficient Warning Dissemination / _cSana Yousaf |
||
| 260 |
_aRawalpindi _bMCS - NUST, _c 2012 |
||
| 300 | _a109 p. ; 30cm | ||
| 700 |
_a Dr. Imran Ahmad Siddiqi _9121335 |
||
| 942 |
_2ddc _cTHE |
||
| 999 |
_c608216 _d608216 |
||